Normal view
MARC view
Entry Personal Name
001 - CONTROL NUMBER
- control field: 35005
003 - CONTROL NUMBER IDENTIFIER
- control field: ENAL
005 - DATE AND TIME OF LATEST TRANSACTION
- control field: 20240212125555.0
008 - FIXED-LENGTH DATA ELEMENTS
- fixed length control field: 240212|| aca||aabn | a|a d
040 ## - CATALOGING SOURCE
- Original cataloging agency: ENAL
- Transcribing agency: ENAL
100 ## - HEADING--PERSONAL NAME
- Personal name: Abou-Zaid, Eman A. A
670 ## - SOURCE DATA FOUND
- Source citation: Work cat.: (ENAL)69026: El-Salhy, Abdel-Fattah M. 35004, Effect of soil conditioners on growth and fruiting of manfalouty pomegranate trees grown in new reclaimed region